University library system: (Record no. 15769)

MARC details
000 -LEADER
fixed length control field 02822nam a22003857a 4500
005 - DATE AND TIME OF LATEST TRANSACTION
control field 20080926170116.0
008 - FIXED-LENGTH DATA ELEMENTS--GENERAL INFORMATION
fixed length control field 080926t xxu||||| |||| 00| 0 eng d
010 ## - LCCN (DPL NO)
LC control number ENG-91063 B-308417-422
020 ## - INTERNATIONAL STANDARD BOOK NUMBER
International Standard Book Number 9788189915520
Terms of availability 1150.00
035 ## - SYSTEM CONTROL NUMBER
System control number EN-74596
035 ## - SYSTEM CONTROL NUMBER
System control number B-308417-422
035 ## - SYSTEM CONTROL NUMBER
System control number B-359148
037 ## - SOURCE OF ACQUISITION
Source of stock number/acquisition DBAD / PUB
037 ## - SOURCE OF ACQUISITION
Source of stock number/acquisition Pansy Books
040 ## - CATALOGING SOURCE
Original cataloging agency dpl
Language of cataloging English
082 ## - DEWEY DECIMAL CLASSIFICATION NUMBER
Classification number 027.7
100 ## - MAIN ENTRY--PERSONAL NAME
Personal name Arora, Kanu
245 ## - TITLE STATEMENT
Title University library system:
Remainder of title centralization and decentralization/
Statement of responsibility, etc by Kanu Arora
260 ## - PUBLICATION, DISTRIBUTION, ETC. (IMPRINT)
Place of publication, distribution, etc New Delhi
Name of publisher, distributor, etc Regal Publications
Date of publication, distribution, etc 2008
270 ## - ADDRESS
Address F-159, Rajouri Garden
City New Delhi
Postal code 110027
Telephone number 45546396
Electronic mail address regalbookspub@yahoo.com
300 ## - PHYSICAL DESCRIPTION
Extent xviii, 363p.
Dimensions 22cm(pbk)
500 ## - GENERAL NOTE
General note Includes bibliographical references and index
650 ## - SUBJECT ADDED ENTRY--TOPICAL TERM
Topical term or geographic name as entry element University library system
942 ## - ADDED ENTRY ELEMENTS (KOHA)
Source of classification or shelving scheme Dewey Decimal Classification
Item type English Books
Call number suffix ARO
Classification part 027.7
Holdings
Withdrawn status Lost status Source of classification or shelving scheme Damaged status Not for loan Home library Current library Date acquired Source of acquisition Cost, normal purchase price Total Checkouts Full call number Barcode Date last seen Cost, replacement price Koha item type Collection code Total Renewals Copy number
    Dewey Decimal Classification     Central Library Central Library 13/05/2009 Regal Publications/29/19.12.08/258/12.12.08/23.12.08 1150.00 2 027.7 ARO B-308417 17/06/2021 1150.00 English Books Non-fiction 2 1
    Dewey Decimal Classification   Not For Loan D.B.Act.Division D.B.Act.Division 26/09/2008 DBAD / PUB 1150.00   027.7 ARO EN-74596 26/09/2008 1150.00 English Books      
    Dewey Decimal Classification     Janak Puri Janak Puri 01/10/2009 Pansy Books/942/29.9.09/92/4.9.09/29.9.09 1150.00 1 027.7 ARO B-359148 03/05/2010 1150.00 English Books Non-fiction   1
    Dewey Decimal Classification     Karol Bagh Karol Bagh 13/05/2009 Regal Publications/29/19.12.08/258/12.12.08/23.12.08 1150.00   027.7 ARO B-308421 13/05/2009 1150.00 English Books Non-fiction   1
    Dewey Decimal Classification     Patel Nagar Patel Nagar 13/05/2009 Regal Publications/29/19.12.08/258/12.12.08/23.12.08 1150.00   027.7 ARO B-308418 13/05/2009 1150.00 English Books Non-fiction   1
    Dewey Decimal Classification     Sarojini Nagar Sarojini Nagar 13/05/2009 Regal Publications/29/19.12.08/258/12.12.08/23.12.08 1150.00 4 027.7 ARO B-308419 16/06/2010 1150.00 English Books Non-fiction   1
    Dewey Decimal Classification     Shahdara Branch Shahdara Branch 13/05/2009 Regal Publications/29/19.12.08/258/12.12.08/23.12.08 1150.00   027.7 ARO B-308422 13/05/2009 1150.00 English Books Non-fiction   1
    Dewey Decimal Classification     Vinoba Puri Vinoba Puri 13/05/2009 Regal Publications/29/19.12.08/258/12.12.08/23.12.08 1150.00 1 027.7 ARO B-308420 05/01/2013 1150.00 English Books Non-fiction   1

© Delhi Public Library
Hit Counter
free hit counter